000 00528nam a2200217Ia 4500
003 0100
008 130307s9999 xx 000 0 und d
020 _a0195150384
040 _cARRUPELIB
050 _aBT103.Q84 2004
245 _aQuestions about God
245 _btoday's philosophers ponder the divine
260 _aNew York
260 _bOxford University Press
260 _c2002
300 _a174p.
300 _b21cm.
650 _aTHEOLOGY
700 _aCahn, Steven M. and Shatz, David (ed.)
942 0 0 _03
999 _c93727
_d93727